Tilastot visalle Pirates of the Caribbean -elokuvat

Klikkaa tästä pelataksesi tätä visaa!

Yleistilastot

  • Tätä visaa on pelattu 71 kertaa
  • Keskiarvotulos 4 / 5

Vastaustilastot

VuosiElokuva% Oikein
2003Pirates of the Caribbean:
Mustan helmen kirous
92%
2006Pirates of the Caribbean:
Kuolleen miehen kirstu
85%
2007Pirates of the Caribbean:
Maailman laidalla
81%
2011Pirates of the Caribbean:
Vierailla vesillä
69%
2017Pirates of the Caribbean:
Salazar’s Revenge
50%

Tulosjakauma

Persentiili vastausten määrän mukaan

Jokaisen tuloksen saaneiden osuus

Tuloshistoriasi

Et ole pelannut tätä visaa